00317nam a2200121Ia 4500008004100000041000800041082001600049100001700065245004500082260004800127300001300175365000700188240624s9999 xx 000 0 und d aeng a363.721 SIN aSIMHA SAVITA aGLOBAL CONCERN WITH ENVIRONMENTAL CRISIS c1999aNew DelhibAPH Publishing Corporation a281 : p. cRS